| 000 | 00761cam a22002537a 4500 | ||
|---|---|---|---|
| 003 | CHAP | ||
| 005 | 20220329134332.0 | ||
| 008 | 971013s1974 r 00010 d | ||
| 010 | _a18948 | ||
| 011 | _a19920 | ||
| 035 | _a24007 | ||
| 040 | _cCHAP | ||
| 090 | _aFolleto 2131 | ||
| 100 | 0 | 0 |
_aAlvarez del Toro, Miguel. _94905 |
| 245 | 1 | 4 | _aLos Crocodylia de México; estudio comparativo |
| 260 |
_aMéxico, D.F., Instituto Mexicano de Recursos Naturales Renovables, A.C., _c1974 |
||
| 300 |
_a70 p. _b: ilus |
||
| 590 |
_aBATCH-UPD _b10 _c20130110 _lUCH01 _h2031 |
||
| 590 |
_aCONVERSION _b10 _c20130109 _lUCH01 _h1311 |
||
| 650 | 1 | 4 |
_aCocodrilos. _924287 |
| 901 | _aBK | ||
| 942 | _cFOLL | ||
| 949 |
_aFolleto 2131 _bBC _cFOLL _d-55549 _eTS1 _i24007 _mD _si _t75.00 |
||
| 999 |
_c18948 _d18948 |
||